Poetry/
Đã lưu trong:
| Nhiều tác giả của công ty: | , |
|---|---|
| 格式: | 雜誌 |
| 語言: | English |
| 出版: |
Chicago cPoetry Foundation,
|
| 標簽: |
添加標簽
沒有標簽, 成為第一個標記此記錄!
|
| Thư viện lưu trữ: | Thư viện Trường Đại học Đà Lạt |
|---|
| LEADER | 00562nam a2200241 4500 | ||
|---|---|---|---|
| 001 | DLU080062741 | ||
| 040 | # | # | |a DLU |b eng |
| 041 | # | # | |a eng |
| 245 | # | # | |a Poetry/ |c Poetry Foundation |
| 260 | # | # | |a Chicago |a cPoetry Foundation, |
| 300 | # | # | |a tr.; |c 23cm |
| 310 | # | # | |a Monthhly |
| 710 | # | # | |a Poetry Foundation |
| 710 | # | # | |a United States. |b Cambridge University Press |
| 994 | # | # | |a DLU |
| 900 | # | # | |a True |
| 911 | # | # | |a Nguyễn Thị Minh Cầm |
| 925 | # | # | |a G |
| 926 | # | # | |a A |
| 927 | # | # | |a TT |
| 980 | # | # | |a Thư viện Trường Đại học Đà Lạt |